| 000 | 00445nam a2200157 i 4500 | ||
|---|---|---|---|
| 001 | 99348 | ||
| 003 | ES-MaACL | ||
| 005 | 20230906182501.0 | ||
| 007 | t| | ||
| 008 | 050907s1963 sp ||||1| spa d | ||
| 100 | 1 |
_aMartín de Prados, Antonio. _977460 |
|
| 245 | 1 | 0 |
_aEn las fronteras de la medicina / _cAntonio Martín de Prados. |
| 260 |
_aMadrid : _bParaninfo, _c1963. |
||
| 300 |
_a323 p. ; _c22 cm. |
||
| 852 |
_aES-MaACL _jC-23848 _bR.52576 |
||
| 999 |
_c99348 _d99348 |
||